000
00285nam a22001217a 4500
008
170628b xxu||||| |||| 00| 0 eng d
041
_a
eng
080
_a
811
100
_a
21
101
_a
GJL
245
_a
PROVERBA TE SHQIPES DHE TE GJUHEVE NEOLATINE
_c
RAMADAN,R.H
942
_2
udc
_c
BK
999
_c
19386
_d
19386